000
00491nam a2200145Ia 4500
008
100122s9999 xx 000 0 und d
082
_b
20912
_a
823
100
_a
काकोडकर चंद्रकांत
245
_a
गोषातील सुंदरी
260
_b
मॅजेस्टिक बुक स्टॉल
_c
1974
300
_a
158
630
_a
गोषातील सुंदरी
730
_a
गोषातील सुंदरी
942
_c
BOOK
999
_c
409211
_d
409208